|
|
|
|
| LEADER |
00000nam0a2200000 4500 |
| 001 |
157862 |
| 005 |
20231101222008.0 |
| 020 |
|
|
|a RU
|b 82-7625
|
| 035 |
|
|
|a (RuTPU)RU\TPU\book\171229
|
| 090 |
|
|
|a 157862
|
| 100 |
|
|
|a 20090415d1982 m y0rusy5003 ca
|
| 101 |
1 |
|
|a rus
|c bul
|
| 102 |
|
|
|a RU
|
| 105 |
|
|
|a a z 000ay
|
| 200 |
1 |
|
|a Солунские братья
|e роман
|f С. Х. Караславов
|g пер. с болг. А. А. Косоруков
|
| 210 |
|
|
|a Москва
|c Прогресс
|d 1982
|
| 215 |
|
|
|a 622 с.
|c ил.
|d 21 см.
|
| 600 |
|
0 |
|a Кирилл
|c славянский просветитель
|c создатель славянской азбуки
|c брат Мефодия
|c до принятия монашества Константин
|f около 827-869
|2 stltpush
|3 (RuTPU)RU\TPU\pers\716
|9 330
|
| 600 |
|
0 |
|a Мефодий
|c славянский просветитель
|c создатель славянской азбуки
|c брат Кирилла
|f около 815-885
|2 stltpush
|3 (RuTPU)RU\TPU\pers\717
|9 331
|
| 610 |
1 |
|
|a Византия, 9 в.
|
| 610 |
1 |
|
|a Славянская письменность - История
|
| 610 |
1 |
|
|a Просветители славянские, 9 в.
|
| 675 |
|
|
|a 89Д-1
|z rus
|
| 700 |
|
1 |
|a Караславов
|b С. Х.
|g Слав Христов
|4 070
|
| 702 |
|
1 |
|a Косоруков
|b А. А.
|4 730
|
| 801 |
|
0 |
|a RU
|b RuMRKP
|c 19950704
|g psbo
|
| 801 |
|
1 |
|a RU
|b 63413507
|c 20090415
|g PSBO
|
| 801 |
|
2 |
|a RU
|b 63413507
|c 20210615
|g PSBO
|
| 942 |
|
|
|c BK
|